Hacienda y negocio financiero en tiempos de Isabel la Católica : (Record n. 5529)

Dettagli MARC
000 -LEADER
fixed length control field 00858nam a2200253 i 4500
003 - CONTROL NUMBER IDENTIFIER
control field IT-RoINE
005 - DATE AND TIME OF LATEST TRANSACTION
control field 20210105114530.0
008 - FIXED-LENGTH DATA ELEMENTS--GENERAL INFORMATION
fixed length control field 040303s2003 sp | q ||| ||spa d
020 ## - INTERNATIONAL STANDARD BOOK NUMBER
International Standard Book Number 847491731X
040 ## - CATALOGING SOURCE
Original cataloging agency SpMaBN
Language of cataloging spa
Transcribing agency IT-RoINE
Description conventions rdc
100 1# - MAIN ENTRY--PERSONAL NAME
Personal name Carretero Zamora, Juan Manuel
9 (RLIN) 11768
245 10 - TITLE STATEMENT
Title Hacienda y negocio financiero en tiempos de Isabel la Católica :
Remainder of title el libro de hacienda de 1503 /
Statement of responsibility, etc Juan M. Carretero Zamora, David Alonso García.
260 ## - PUBLICATION, DISTRIBUTION, ETC. (IMPRINT)
Place of publication, distribution, etc Madrid :
Name of publisher, distributor, etc Editorial Complutense,
Date of publication, distribution, etc 2003.
300 ## - PHYSICAL DESCRIPTION
Extent 230 p. ;
Dimensions 24 cm.
336 ## - CONTENT TYPE
Source rdacontent
Content type term text
337 ## - MEDIA TYPE
Source rdamedia
Media type term unmediated
338 ## - CARRIER TYPE
Source rdacarrier
Carrier type term volume
490 10 - SERIES STATEMENT
Series statement Línea 300 ;
Volume number/sequential designation 22
500 ## - GENERAL NOTE
General note Índices
650 #4 - SUBJECT ADDED ENTRY--TOPICAL TERM
Topical term or geographic name as entry element Hacienda pública
Geographic subdivision Castilla (Reino)
9 (RLIN) 11769
700 1# - ADDED ENTRY--PERSONAL NAME
Personal name Alonso García, David
9 (RLIN) 11770
830 #0 - SERIES ADDED ENTRY--UNIFORM TITLE
Uniform title Línea 300 ;
9 (RLIN) 11771
Volume number/sequential designation 22
942 ## - ADDED ENTRY ELEMENTS (KOHA)
Item type Monografías
Dati di copia
Withdrawn status Lost status Damaged status Not for loan Home library Current library Date acquired Total Checkouts Full call number Barcode Date last seen Price effective from Koha item type
        Iglesia Nacional Española en Roma Iglesia Nacional Española en Roma 15/09/2014   HIS.ESP.2. 243 6741 15/09/2014 15/09/2014 Monografías